[Event "Stay Safe Play From Home 391"]
[Site "Emanuel Lasker Arena"]
[Date "2020.08.18"]
[Round "2"]
[White "IceQueen"]
[Black "TheCHESSHOUSE"]
[Result "1-0"]
[WhiteElo "2328"]
[BlackElo "1997"]
[PlyCount "85"]
[EventDate "2020.08.18"]
[EventType "swiss (blitz)"]

1. d3 {[%emt 0:00:01]} Nf6 {[%emt 0:00:01]} 2. Nd2 {[%emt 0:00:00]} g6 {[%emt 0:00:00]} 3. e4 {[%emt 0:00:00]} Bg7 {[%emt 0:00:00]} 4. Ngf3 {[%emt 0:00:00]} d6 {[%emt 0:00:00]} 5. g3 {[%emt 0:00:00]} e5 {[%emt 0:00:00]} 6. Bg2 {[%emt 0:00:01]} O-O {[%emt 0:00:00]} 7. O-O {[%emt 0:00:00]} c6 {[%emt 0:00:00]} 8. Nc4 {[%emt 0:00:01]} Qc7 {[%emt 0:00:01]} 9. a4 {[%emt 0:00:01]} Nbd7 {[%emt 0:00:02]} 10. a5 {[%emt 0:00:01]} b6 {[%emt 0:00:02]} 11. axb6 {[%emt 0:00:01]} Nxb6 {[%emt 0:00:00]} 12. Nxb6 {[%emt 0:00:01]} Qxb6 {[%emt 0:00:00]} 13. b3 {[%emt 0:00:00]} Bg4 {[%emt 0:00:03]} 14. Be3 {[%emt 0:00:01]} Qb7 {[%emt 0:00:01]} 15. Qd2 {[%emt 0:00:01]} Rfe8 {[%emt 0:00:02]} 16. Ra4 {[%emt 0:00:01]} d5 {[%emt 0:00:01]} 17. exd5 {[%emt 0:00:02]} cxd5 {[%emt 0:00:00]} 18. Rfa1 {[%emt 0:00:03]} a6 {[%emt 0:00:02]} 19. Bg5 {[%emt 0:00:03]} e4 {[%emt 0:00:01]} 20. Nd4 {[%emt 0:00:09]} Nd7 {[%emt 0:00:01]} 21. Be3 {[%emt 0:00:03]} Nb6 {[%emt 0:00:05]} 22. Rb4 {[%emt 0:00:01]} Qc7 {[%emt 0:00:01]} 23. Nf5 {[%emt 0:00:05]} Bxf5 {[%emt 0:00:04]} 24. Bxb6 {[%emt 0:00:01]} Qe5 {[%emt 0:00:01]} 25. Rd1 {[%emt 0:00:01]} a5 {[%emt 0:00:02]} 26. Ra4 {[%emt 0:00:01]} exd3 {[%emt 0:00:02]} 27. cxd3 {[%emt 0:00:00]} Qe7 {[%emt 0:00:02]} 28. Bd4 {[%emt 0:00:02]} Bxd4 {[%emt 0:00:03]} 29. Rxd4 {[%emt 0:00:00]} Rab8 {[%emt 0:00:01]} 30. Bxd5 {[%emt 0:00:02]} Be6 {[%emt 0:00:02]} 31. Bc4 {[%emt 0:00:01]} Rb4 {[%emt 0:00:05]} 32. Re1 {[%emt 0:00:02]} Qf6 {[%emt 0:00:01]} 33. Rde4 {[%emt 0:00:01]} Kg7 {[%emt 0:00:02]} 34. Bxe6 {[%emt 0:00:01]} Rxe4 {[%emt 0:00:02]} 35. Rxe4 {[%emt 0:00:00]} Rxe6 {[%emt 0:00:01]} 36. Rxe6 {[%emt 0:00:01]} Qxe6 {[%emt 0:00:00]} 37. Qxa5 {[%emt 0:00:00]} Qxb3 {[%emt 0:00:01]} 38. Qe5+ {[%emt 0:00:01]} Kg8 {[%emt 0:00:02]} 39. d4 {[%emt 0:00:01]} Qb1+ {[%emt 0:00:02]} 40. Kg2 {[%emt 0:00:00]} Kf8 {[%emt 0:00:02]} 41. Qd6+ {[%emt 0:00:01]} Kg7 {[%emt 0:00:01]} 42. Qf4 {[%emt 0:00:00]} Qb7+ {[%emt 0:00:01]} 43. Qf3 {[%emt 0:00:00] Time Time Time (Lag: Av=0.97s, max=2.4s) (Lag: Av=0.97s, max=2.4s) (Lag: Av=0.97s, max=2.4s)} 1-0

[Event "Stay Safe Play From Home 391"]
[Site "Emanuel Lasker Arena"]
[Date "2020.08.18"]
[Round "2"]
[White "Lamborghini"]
[Black "Mepe_Nika"]
[Result "0-1"]
[WhiteElo "2319"]
[BlackElo "2376"]
[PlyCount "114"]
[EventDate "2020.08.18"]
[EventType "swiss (blitz)"]

1. e4 {[%emt 0:00:01]} c6 {[%emt 0:00:00]} 2. d4 {[%emt 0:00:01]} d5 {[%emt 0:00:00]} 3. Nc3 {[%emt 0:00:01]} dxe4 {[%emt 0:00:00]} 4. Nxe4 {[%emt 0:00:01]} Nf6 {[%emt 0:00:00]} 5. Nxf6+ {[%emt 0:00:01]} exf6 {[%emt 0:00:00]} 6. Bc4 {[%emt 0:00:01]} Bd6 {[%emt 0:00:01]} 7. Qe2+ {[%emt 0:00:01]} Qe7 {[%emt 0:00:01]} 8. Qxe7+ {[%emt 0:00:01]} Bxe7 {[%emt 0:00:00]} 9. Ne2 {[%emt 0:00:01]} O-O {[%emt 0:00:00]} 10. Bf4 {[%emt 0:00:02]} Be6 {[%emt 0:00:01]} 11. Bd3 {[%emt 0:00:01]} Nd7 {[%emt 0:00:01]} 12. b3 {[%emt 0:00:01]} Rfe8 {[%emt 0:00:01]} 13. O-O-O {[%emt 0:00:02]} a5 {[%emt 0:00:01]} 14. a4 {[%emt 0:00:01]} Nb6 {[%emt 0:00:01]} 15. c4 {[%emt 0:00:01]} Rad8 {[%emt 0:00:02]} 16. h3 {[%emt 0:00:01]} Na8 {[%emt 0:00:05]} 17. Kc2 {[%emt 0:00:04]} Bd6 {[%emt 0:00:01]} 18. Bxd6 {[%emt 0:00:02]} Rxd6 {[%emt 0:00:00]} 19. Rhe1 {[%emt 0:00:01]} Red8 {[%emt 0:00:01]} 20. f4 {[%emt 0:00:01]} g6 {[%emt 0:00:01]} 21. g4 {[%emt 0:00:01]} Nc7 {[%emt 0:00:02]} 22. Kc3 {[%emt 0:00:01]} b5 {[%emt 0:00:03]} 23. Bc2 {[%emt 0:00:07]} b4+ {[%emt 0:00:05]} 24. Kb2 {[%emt 0:00:02]} Na6 {[%emt 0:00:02]} 25. Ng3 {[%emt 0:00:01]} c5 {[%emt 0:00:01]} 26. d5 {[%emt 0:00:02]} Bc8 {[%emt 0:00:01]} 27. Ne4 {[%emt 0:00:01]} R6d7 {[%emt 0:00:02]} 28. Nxf6+ {[%emt 0:00:02]} Kg7 {[%emt 0:00:00]} 29. Nxd7 {[%emt 0:00:01]} Rxd7 {[%emt 0:00:00]} 30. g5 {[%emt 0:00:00]} Bb7 {[%emt 0:00:01]} 31. h4 {[%emt 0:00:00]} Nc7 {[%emt 0:00:01]} 32. Re5 {[%emt 0:00:01]} Kf8 {[%emt 0:00:02]} 33. Rde1 {[%emt 0:00:00]} Rd8 {[%emt 0:00:00]} 34. Be4 {[%emt 0:00:01]} Bc8 {[%emt 0:00:01]} 35. d6 {[%emt 0:00:01]} Ne8 {[%emt 0:00:01]} 36. Bc6 {[%emt 0:00:02]} Nxd6 {[%emt 0:00:01]} 37. Rxc5 {[%emt 0:00:00]} Nf5 {[%emt 0:00:06]} 38. Bd5 {[%emt 0:00:01]} Nd4 {[%emt 0:00:02]} 39. Rc7 {[%emt 0:00:01]} Be6 {[%emt 0:00:01]} 40. Bxe6 {[%emt 0:00:01]} Nxe6 {[%emt 0:00:00]} 41. Re2 {[%emt 0:00:01]} Rd3 {[%emt 0:00:01]} 42. f5 {[%emt 0:00:01]} Nd4 {[%emt 0:00:01]} 43. Rc2 {[%emt 0:00:01]} Rxb3+ {[%emt 0:00:01]} 44. Kc1 {[%emt 0:00:01]} Nxc2 {[%emt 0:00:01]} 45. Kxc2 {[%emt 0:00:00]} Rc3+ {[%emt 0:00:00]} 46. Kd2 {[%emt 0:00:00]} gxf5 {[%emt 0:00:00]} 47. c5 {[%emt 0:00:00]} Kg7 {[%emt 0:00:00]} 48. c6 {[%emt 0:00:00]} b3 {[%emt 0:00:00]} 49. g6 {[%emt 0:00:00]} Rc2+ {[%emt 0:00:01]} 50. Kd3 {[%emt 0:00:01]} hxg6 {[%emt 0:00:00]} 51. Rxf7+ {[%emt 0:00:01]} Kxf7 {[%emt 0:00:01]} 52. c7 {[%emt 0:00:00]} Rxc7 {[%emt 0:00:00]} 53. h5 {[%emt 0:00:01]} Rd7+ {[%emt 0:00:00]} 54. Kc3 {[%emt 0:00:01]} gxh5 {[%emt 0:00:00]} 55. Kxb3 {[%emt 0:00:00]} h4 {[%emt 0:00:00]} 56. Kc4 {[%emt 0:00:00]} h3 {[%emt 0:00:00]} 57. Kb5 {[%emt 0:00:00]} h2 {[%emt 0:00:00]} 0-1

[Event "Stay Safe Play From Home 391"]
[Site "Emanuel Lasker Arena"]
[Date "2020.08.18"]
[Round "2"]
[White "Fischer_11"]
[Black "Trotsky"]
[Result "1-0"]
[WhiteElo "2003"]
[BlackElo "1579"]
[Annotator "NA"]
[PlyCount "51"]
[EventDate "2020.08.18"]
[EventType "swiss (blitz)"]

1. e4 {[%emt 0:00:01]} c5 {[%emt 0:00:01]} 2. c3 {[%emt 0:00:01]} e6 {[%emt 0:00:00]} 3. d4 {[%emt 0:00:01]} d5 {[%emt 0:00:01]} 4. exd5 {[%emt 0:00:00]} exd5 {[%emt 0:00:01]} 5. Be3 {[%emt 0:00:02]} c4 {[%emt 0:00:01]} 6. b3 {[%emt 0:00:00]} Be6 {[%emt 0:00:01]} 7. bxc4 {[%emt 0:00:01]} Nc6 {[%emt 0:00:01]} 8. cxd5 {[%emt 0:00:01]} Bxd5 {[%emt 0:00:01]} 9. c4 {[%emt 0:00:00]} Be4 {[%emt 0:00:03]} 10. Nc3 {[%emt 0:00:01]} Bf5 {[%emt 0:00:02]} 11. Nf3 {[%emt 0:00:02]} Bd6 {[%emt 0:00:01]} 12. Be2 {[%emt 0:00:01]} a6 {[%emt 0:00:01]} 13. c5 {[%emt 0:00:00]} Be7 {[%emt 0:00:07]} 14. O-O {[%emt 0:00:01]} Nf6 {[%emt 0:00:01]} 15. d5 {[%emt 0:00:01]} Nxd5 {[%emt 0:00:05]} 16. Qxd5 {[%emt 0:00:02]} Qc7 {[%emt 0:00:01]} 17. Qxf5 {[%emt 0:00:06]} h5 {[%emt 0:00:10]} 18. Nd5 {[%emt 0:00:02]} Qd8 {[%emt 0:00:03]} 19. Nxe7 {[%emt 0:00:02]} Nxe7 {[%emt 0:00:02]} 20. Qd3 {[%emt 0:00:04]} Qc7 {[%emt 0:00:02]} 21. Ng5 {[%emt 0:00:08]} Rd8 {[%emt 0:00:02]} 22. Qe4 {[%emt 0:00:02]} Rf8 {[%emt 0:00:03]} 23. Bxh5 {[%emt 0:00:03]} g6 {[%emt 0:00:02]} 24. Bg4 {[%emt 0:00:02]} f5 {[%emt 0:00:01]} 25. Ne6 {[%emt 0:00:03]} Rh8 {[%emt 0:00:03]} 26. Nxc7+ {[%emt 0:00:01] Trotsky Ñäàåòñÿ Trotsky Ñäàåòñÿ Trotsky Ñäàåòñÿ (Lag: Av=0.26s, max=0.7s) (Lag: Av=0.26s, max=0.7s) (Lag: Av=0.26s, max=0.7s)} 1-0

[Event "Stay Safe Play From Home 391"]
[Site "Emanuel Lasker Arena"]
[Date "2020.08.18"]
[Round "2"]
[White "Fat Kevin"]
[Black "Haris kollari 13"]
[Result "1-0"]
[WhiteElo "1938"]
[BlackElo "1765"]
[Annotator "NA"]
[PlyCount "75"]
[EventDate "2020.08.18"]
[EventType "swiss (blitz)"]

1. g3 {[%emt 0:00:01]} e6 {[%emt 0:00:00]} 2. Bg2 {[%emt 0:00:01]} d5 {[%emt 0:00:00]} 3. c4 {[%emt 0:00:01]} f5 {[%emt 0:00:00]} 4. cxd5 {[%emt 0:00:00]} exd5 {[%emt 0:00:01]} 5. d4 {[%emt 0:00:01]} Nf6 {[%emt 0:00:01]} 6. Nc3 {[%emt 0:00:00]} c6 {[%emt 0:00:02]} 7. Bg5 {[%emt 0:00:00]} Be7 {[%emt 0:00:01]} 8. Nf3 {[%emt 0:00:00]} O-O {[%emt 0:00:01]} 9. O-O {[%emt 0:00:00]} h6 {[%emt 0:00:01]} 10. Bf4 {[%emt 0:00:01]} Nbd7 {[%emt 0:00:03]} 11. Ne5 {[%emt 0:00:02]} g5 {[%emt 0:00:02]} 12. Ng6 {[%emt 0:00:01]} gxf4 {[%emt 0:00:02]} 13. Nxf8 {[%emt 0:00:01]} Nxf8 {[%emt 0:00:02]} 14. gxf4 {[%emt 0:00:01]} Ng6 {[%emt 0:00:01]} 15. e3 {[%emt 0:00:01]} Ne4 {[%emt 0:00:01]} 16. Qh5 {[%emt 0:00:01]} Kg7 {[%emt 0:00:01]} 17. Ne2 {[%emt 0:00:02]} Be6 {[%emt 0:00:01]} 18. f3 {[%emt 0:00:01]} Nf6 {[%emt 0:00:01]} 19. Qh3 {[%emt 0:00:02]} h5 {[%emt 0:00:01]} 20. Ng3 {[%emt 0:00:01]} h4 {[%emt 0:00:03]} 21. Nxf5+ {[%emt 0:00:01]} Kh7 {[%emt 0:00:03]} 22. e4 {[%emt 0:00:01]} Qd7 {[%emt 0:00:01]} 23. Bh1 {[%emt 0:00:06]} dxe4 {[%emt 0:00:02]} 24. fxe4 {[%emt 0:00:01]} Qxd4+ {[%emt 0:00:03]} 25. Rf2 {[%emt 0:00:02]} Qd7 {[%emt 0:00:04]} 26. Qf3 {[%emt 0:00:01]} Bxf5 {[%emt 0:00:03]} 27. exf5 {[%emt 0:00:00]} Qxf5 {[%emt 0:00:01]} 28. Re1 {[%emt 0:00:01]} Bc5 {[%emt 0:00:01]} 29. Kf1 {[%emt 0:00:02]} Bxf2 {[%emt 0:00:01]} 30. Kxf2 {[%emt 0:00:00]} Ng4+ {[%emt 0:00:02]} 31. Kg1 {[%emt 0:00:01]} Qc5+ {[%emt 0:00:02]} 32. Kg2 {[%emt 0:00:01]} Nf6 {[%emt 0:00:03]} 33. Kh3 {[%emt 0:00:01]} Rg8 {[%emt 0:00:01]} 34. f5 {[%emt 0:00:01]} Nf8 {[%emt 0:00:05]} 35. Re6 {[%emt 0:00:02]} Qd4 {[%emt 0:00:02]} 36. Bg2 {[%emt 0:00:03]} Qg4+ {[%emt 0:00:01]} 37. Qxg4 {[%emt 0:00:01]} Nxg4 {[%emt 0:00:00]} 38. Bf3 {[%emt 0:00:01] Time Time Time (Lag: Av=0.48s, max=1.6s) (Lag: Av=0.48s, max=1.6s) (Lag: Av=0.48s, max=1.6s)} 1-0

[Event "Stay Safe Play From Home 391"]
[Site "Emanuel Lasker Arena"]
[Date "2020.08.18"]
[Round "2"]
[White "Padmaesh M K"]
[Black "AChessPlayer"]
[Result "1-0"]
[WhiteElo "1920"]
[BlackElo "2456"]
[PlyCount "83"]
[EventDate "2020.08.18"]
[EventType "swiss (blitz)"]

1. e4 {[%emt 0:00:03]} c6 {[%emt 0:00:01]} 2. Nf3 {[%emt 0:00:00]} d6 {[%emt 0:00:00]} 3. d4 {[%emt 0:00:02]} g6 {[%emt 0:00:00]} 4. c3 {[%emt 0:00:01]} Bg7 {[%emt 0:00:00]} 5. Bd3 {[%emt 0:00:01]} Nd7 {[%emt 0:00:02]} 6. Qc2 {[%emt 0:00:00]} e5 {[%emt 0:00:01]} 7. O-O {[%emt 0:00:00]} Ngf6 {[%emt 0:00:01]} 8. Be3 {[%emt 0:00:01]} O-O {[%emt 0:00:00]} 9. Re1 {[%emt 0:00:01]} Ng4 {[%emt 0:00:01]} 10. Nbd2 {[%emt 0:00:02]} Nxe3 {[%emt 0:00:01]} 11. Rxe3 {[%emt 0:00:00]} Bh6 {[%emt 0:00:01]} 12. Re2 {[%emt 0:00:01]} Qf6 {[%emt 0:00:01]} 13. d5 {[%emt 0:00:02]} Nc5 {[%emt 0:00:01]} 14. b4 {[%emt 0:00:03]} Nxd3 {[%emt 0:00:01]} 15. Qxd3 {[%emt 0:00:00]} Bg7 {[%emt 0:00:02]} 16. c4 {[%emt 0:00:01]} Qe7 {[%emt 0:00:01]} 17. Rc1 {[%emt 0:00:02]} h6 {[%emt 0:00:02]} 18. c5 {[%emt 0:00:01]} cxd5 {[%emt 0:00:01]} 19. exd5 {[%emt 0:00:01]} Bf5 {[%emt 0:00:01]} 20. Ne4 {[%emt 0:00:02]} Bxe4 {[%emt 0:00:01]} 21. Qxe4 {[%emt 0:00:00]} f5 {[%emt 0:00:00]} 22. Qc4 {[%emt 0:00:01]} e4 {[%emt 0:00:00]} 23. Nd4 {[%emt 0:00:02]} Bxd4 {[%emt 0:00:00]} 24. Qxd4 {[%emt 0:00:01]} Rac8 {[%emt 0:00:00]} 25. c6 {[%emt 0:00:02]} b6 {[%emt 0:00:01]} 26. Rec2 {[%emt 0:00:03]} Rfe8 {[%emt 0:00:01]} 27. a4 {[%emt 0:00:01]} Rc7 {[%emt 0:00:01]} 28. a5 {[%emt 0:00:01]} Rb8 {[%emt 0:00:01]} 29. axb6 {[%emt 0:00:02]} Rxb6 {[%emt 0:00:00]} 30. Ra2 {[%emt 0:00:01]} Kh7 {[%emt 0:00:02]} 31. Rca1 {[%emt 0:00:01]} Rb5 {[%emt 0:00:03]} 32. Rxa7 {[%emt 0:00:02]} g5 {[%emt 0:00:06]} 33. Rxc7 {[%emt 0:00:02]} Qxc7 {[%emt 0:00:04]} 34. Ra7 {[%emt 0:00:00]} Qxa7 {[%emt 0:00:02]} 35. Qxa7+ {[%emt 0:00:01]} Kg6 {[%emt 0:00:00]} 36. c7 {[%emt 0:00:01]} Rxd5 {[%emt 0:00:01]} 37. g3 {[%emt 0:00:02]} f4 {[%emt 0:00:00]} 38. c8=Q {[%emt 0:00:01]} Rd1+ {[%emt 0:00:01]} 39. Kg2 {[%emt 0:00:01]} h5 {[%emt 0:00:01]} 40. Qg8+ {[%emt 0:00:02]} Kf6 {[%emt 0:00:01]} 41. Qaf7+ {[%emt 0:00:01]} Ke5 {[%emt 0:00:00]} 42. Qgg7# {[%emt 0:00:01] (Lag: Av=0.56s, max=1.1s) (Lag: Av=0.56s, max=1.1s) (Lag: Av=0.56s, max=1.1s)} 1-0

[Event "Stay Safe Play From Home 391"]
[Site "Emanuel Lasker Arena"]
[Date "2020.08.18"]
[Round "3"]
[White "AChessPlayer"]
[Black "Fat Kevin"]
[Result "1-0"]
[WhiteElo "2424"]
[BlackElo "1947"]
[PlyCount "93"]
[EventDate "2020.08.18"]
[EventType "swiss (blitz)"]

1. Nf3 {[%emt 0:00:01]} c5 {[%emt 0:00:00]} 2. g3 {[%emt 0:00:00]} Nf6 {[%emt 0:00:00]} 3. Bg2 {[%emt 0:00:00]} g6 {[%emt 0:00:00]} 4. O-O {[%emt 0:00:00]} Bg7 {[%emt 0:00:00]} 5. d3 {[%emt 0:00:01]} O-O {[%emt 0:00:00]} 6. e4 {[%emt 0:00:00]} Nc6 {[%emt 0:00:00]} 7. Re1 {[%emt 0:00:01]} d6 {[%emt 0:00:00]} 8. Nbd2 {[%emt 0:00:00]} e5 {[%emt 0:00:01]} 9. Nc4 {[%emt 0:00:01]} Ne8 {[%emt 0:00:01]} 10. Ne3 {[%emt 0:00:01]} Nc7 {[%emt 0:00:03]} 11. Nh4 {[%emt 0:00:02]} Ne6 {[%emt 0:00:02]} 12. Nd5 {[%emt 0:00:01]} Ne7 {[%emt 0:00:01]} 13. c3 {[%emt 0:00:02]} h6 {[%emt 0:00:03]} 14. Nxe7+ {[%emt 0:00:02]} Qxe7 {[%emt 0:00:01]} 15. Rf1 {[%emt 0:00:01]} Kh7 {[%emt 0:00:03]} 16. Qe1 {[%emt 0:00:01]} f5 {[%emt 0:00:01]} 17. exf5 {[%emt 0:00:01]} gxf5 {[%emt 0:00:00]} 18. Nxf5 {[%emt 0:00:02]} Rxf5 {[%emt 0:00:04]} 19. Be4 {[%emt 0:00:00]} Qf7 {[%emt 0:00:01]} 20. g4 {[%emt 0:00:01]} Nf4 {[%emt 0:00:03]} 21. Bxf4 {[%emt 0:00:02]} exf4 {[%emt 0:00:02]} 22. gxf5 {[%emt 0:00:00]} Bxf5 {[%emt 0:00:00]} 23. Bxf5+ {[%emt 0:00:01]} Qxf5 {[%emt 0:00:00]} 24. Qe4 {[%emt 0:00:00]} Rf8 {[%emt 0:00:02]} 25. f3 {[%emt 0:00:01]} Be5 {[%emt 0:00:01]} 26. Kh1 {[%emt 0:00:01]} Kg7 {[%emt 0:00:03]} 27. Rg1+ {[%emt 0:00:01]} Kf6 {[%emt 0:00:01]} 28. Qxb7 {[%emt 0:00:02]} Qxd3 {[%emt 0:00:02]} 29. Qg7+ {[%emt 0:00:02]} Ke6 {[%emt 0:00:01]} 30. Rg6+ {[%emt 0:00:01]} Rf6 {[%emt 0:00:02]} 31. Qg8+ {[%emt 0:00:03]} Kd7 {[%emt 0:00:01]} 32. Rg7+ {[%emt 0:00:01]} Kc6 {[%emt 0:00:02]} 33. Qc8+ {[%emt 0:00:01]} Kd5 {[%emt 0:00:02]} 34. Qb7+ {[%emt 0:00:02]} Ke6 {[%emt 0:00:06]} 35. Rag1 {[%emt 0:00:02]} Qd5 {[%emt 0:00:05]} 36. Qe7+ {[%emt 0:00:02]} Kf5 {[%emt 0:00:01]} 37. Qd7+ {[%emt 0:00:04]} Qe6 {[%emt 0:00:02]} 38. Qxe6+ {[%emt 0:00:01]} Kxe6 {[%emt 0:00:00]} 39. Rd1 {[%emt 0:00:02]} Kf5 {[%emt 0:00:01]} 40. Rxa7 {[%emt 0:00:01]} Re6 {[%emt 0:00:00]} 41. Ra6 {[%emt 0:00:01]} Kf6 {[%emt 0:00:00]} 42. Rc6 {[%emt 0:00:01]} h5 {[%emt 0:00:00]} 43. a4 {[%emt 0:00:00]} Kg5 {[%emt 0:00:00]} 44. a5 {[%emt 0:00:00]} Kh4 {[%emt 0:00:00]} 45. a6 {[%emt 0:00:00]} Kh3 {[%emt 0:00:00]} 46. a7 {[%emt 0:00:00]} Rg6 {[%emt 0:00:00] ' ' '} 47. a8=Q {[%emt 0:00:00] (Lag: Av=0.45s, max=0.8s) (Lag: Av=0.45s, max=0.8s) (Lag: Av=0.45s, max=0.8s)} 1-0

[Event "Stay Safe Play From Home 391"]
[Site "Emanuel Lasker Arena"]
[Date "2020.08.18"]
[Round "3"]
[White "Mepe_Nika"]
[Black "Tran Minh Thang"]
[Result "0-1"]
[WhiteElo "2390"]
[BlackElo "2439"]
[PlyCount "140"]
[EventDate "2020.08.18"]
[EventType "swiss (blitz)"]

1. d4 {[%emt 0:00:01]} Nf6 {[%emt 0:00:03]} 2. Bf4 {[%emt 0:00:00]} d5 {[%emt 0:00:01]} 3. e3 {[%emt 0:00:00]} c5 {[%emt 0:00:00]} 4. Nf3 {[%emt 0:00:01]} Nc6 {[%emt 0:00:00]} 5. Nbd2 {[%emt 0:00:00]} cxd4 {[%emt 0:00:01]} 6. exd4 {[%emt 0:00:01]} Bf5 {[%emt 0:00:00]} 7. c3 {[%emt 0:00:01]} e6 {[%emt 0:00:01]} 8. Qb3 {[%emt 0:00:01]} Qc8 {[%emt 0:00:07]} 9. Nh4 {[%emt 0:00:00]} Be4 {[%emt 0:00:01]} 10. Nxe4 {[%emt 0:00:03]} dxe4 {[%emt 0:00:02]} 11. g3 {[%emt 0:00:01]} h6 {[%emt 0:00:01]} 12. Ng2 {[%emt 0:00:01]} Nd5 {[%emt 0:00:01]} 13. h4 {[%emt 0:00:02]} Be7 {[%emt 0:00:01]} 14. Bc4 {[%emt 0:00:01]} Nxf4 {[%emt 0:00:01]} 15. Nxf4 {[%emt 0:00:00]} O-O {[%emt 0:00:01]} 16. Nxe6 {[%emt 0:00:01]} Na5 {[%emt 0:00:01]} 17. Qc2 {[%emt 0:00:07]} Qxc4 {[%emt 0:00:02]} 18. Nxf8 {[%emt 0:00:01]} Bxf8 {[%emt 0:00:00]} 19. Qe2 {[%emt 0:00:02]} Qd5 {[%emt 0:00:02]} 20. O-O {[%emt 0:00:01]} Re8 {[%emt 0:00:01]} 21. Rfe1 {[%emt 0:00:01]} Bd6 {[%emt 0:00:01]} 22. b3 {[%emt 0:00:01]} e3 {[%emt 0:00:02]} 23. Rad1 {[%emt 0:00:07]} exf2+ {[%emt 0:00:02]} 24. Qxf2 {[%emt 0:00:00]} Rf8 {[%emt 0:00:04]} 25. c4 {[%emt 0:00:01]} Qc6 {[%emt 0:00:01]} 26. d5 {[%emt 0:00:01]} Qc7 {[%emt 0:00:00]} 27. Rd3 {[%emt 0:00:03]} Bc5 {[%emt 0:00:01]} 28. Rde3 {[%emt 0:00:01]} Bxe3 {[%emt 0:00:01]} 29. Rxe3 {[%emt 0:00:01]} b6 {[%emt 0:00:00]} 30. Kg2 {[%emt 0:00:01]} Nb7 {[%emt 0:00:00]} 31. Qe2 {[%emt 0:00:00]} Nc5 {[%emt 0:00:01]} 32. Re7 {[%emt 0:00:01]} Qd6 {[%emt 0:00:00]} 33. Rxa7 {[%emt 0:00:01]} Qf6 {[%emt 0:00:01]} 34. Qf2 {[%emt 0:00:02]} Qg6 {[%emt 0:00:03]} 35. Re7 {[%emt 0:00:02]} Ne4 {[%emt 0:00:02]} 36. Qe3 {[%emt 0:00:03] Mepe_Nika offers a draw Mepe_Nika offers a draw Mepe_Nika offers a draw} Nd6 {[%emt 0:00:01]} 37. Qe2 {[%emt 0:00:02]} Nf5 {[%emt 0:00:01]} 38. Re3 {[%emt 0:00:01]} Nxe3+ {[%emt 0:00:03]} 39. Qxe3 {[%emt 0:00:00]} Qc2+ {[%emt 0:00:00]} 40. Qf2 {[%emt 0:00:00]} Qxf2+ {[%emt 0:00:01]} 41. Kxf2 {[%emt 0:00:00]} Ra8 {[%emt 0:00:00]} 42. a4 {[%emt 0:00:00]} Kf8 {[%emt 0:00:01]} 43. Ke3 {[%emt 0:00:00]} Ke7 {[%emt 0:00:00]} 44. Kd4 {[%emt 0:00:00]} Kd6 {[%emt 0:00:00]} 45. Kc3 {[%emt 0:00:00]} Re8 {[%emt 0:00:01]} 46. Kb4 {[%emt 0:00:00]} Re4 {[%emt 0:00:00]} 47. g4 {[%emt 0:00:00]} Rxg4 {[%emt 0:00:01]} 48. h5 {[%emt 0:00:00]} Rg5 {[%emt 0:00:01]} 49. Kb5 {[%emt 0:00:00]} Rxh5 {[%emt 0:00:00]} 50. b4 {[%emt 0:00:00]} Rh4 {[%emt 0:00:01]} 51. c5+ {[%emt 0:00:00]} bxc5 {[%emt 0:00:01]} 52. bxc5+ {[%emt 0:00:00]} Kxd5 {[%emt 0:00:00]} 53. c6 {[%emt 0:00:01]} Rc4 {[%emt 0:00:00]} 54. Kb6 {[%emt 0:00:01]} Rc5 {[%emt 0:00:00]} 55. c7 {[%emt 0:00:01]} Kd6 {[%emt 0:00:00]} 56. a5 {[%emt 0:00:01]} Rc6+ {[%emt 0:00:01]} 57. Kb5 {[%emt 0:00:01]} Rxc7 {[%emt 0:00:00]} 58. a6 {[%emt 0:00:00]} Kd7 {[%emt 0:00:00]} 59. Kb6 {[%emt 0:00:00]} Kc8 {[%emt 0:00:00]} 60. Kb5 {[%emt 0:00:01]} Ra7 {[%emt 0:00:00]} 61. Kb6 {[%emt 0:00:00]} Rxa6+ {[%emt 0:00:00]} 62. Kxa6 {[%emt 0:00:00]} h5 {[%emt 0:00:00]} 63. Kb5 {[%emt 0:00:00]} h4 {[%emt 0:00:00]} 64. Kc4 {[%emt 0:00:00]} h3 {[%emt 0:00:00]} 65. Kd4 {[%emt 0:00:00]} h2 {[%emt 0:00:00]} 66. Ke5 {[%emt 0:00:00]} h1=Q {[%emt 0:00:00]} 67. Kd6 {[%emt 0:00:00]} Qh2+ {[%emt 0:00:00]} 68. Ke7 {[%emt 0:00:00]} Qh4+ {[%emt 0:00:00]} 69. Kf8 {[%emt 0:00:00]} Qf6 {[%emt 0:00:00]} 70. Kg8 {[%emt 0:00:00]} g6 {[%emt 0:00:00] Time Time Time (Lag: Av=0.75s, max=1.1s) (Lag: Av=0.75s, max=1.1s) (Lag: Av=0.75s, max=1.1s)} 0-1

[Event "Stay Safe Play From Home 391"]
[Site "Emanuel Lasker Arena"]
[Date "2020.08.18"]
[Round "3"]
[White "MihailoVujic"]
[Black "Trotsky"]
[Result "1-0"]
[WhiteElo "2180"]
[BlackElo "1576"]
[PlyCount "35"]
[EventDate "2020.08.18"]
[EventType "swiss (blitz)"]

1. e4 {[%emt 0:00:01]} c5 {[%emt 0:00:01]} 2. c3 {[%emt 0:00:01]} e6 {[%emt 0:00:00]} 3. d4 {[%emt 0:00:01]} d5 {[%emt 0:00:01]} 4. exd5 {[%emt 0:00:01]} exd5 {[%emt 0:00:01]} 5. Nf3 {[%emt 0:00:00]} Be6 {[%emt 0:00:02]} 6. Bb5+ {[%emt 0:00:01]} Nc6 {[%emt 0:00:01]} 7. O-O {[%emt 0:00:01]} c4 {[%emt 0:00:01]} 8. b3 {[%emt 0:00:02]} Qc7 {[%emt 0:00:01]} 9. bxc4 {[%emt 0:00:01]} O-O-O {[%emt 0:00:04]} 10. Bxc6 {[%emt 0:00:03]} bxc6 {[%emt 0:00:01]} 11. c5 {[%emt 0:00:02]} Kd7 {[%emt 0:00:02]} 12. Ne5+ {[%emt 0:00:02]} Kc8 {[%emt 0:00:06]} 13. Bf4 {[%emt 0:00:01]} Qb7 {[%emt 0:00:15]} 14. Qa4 {[%emt 0:00:03]} Bd7 {[%emt 0:00:04]} 15. Na3 {[%emt 0:00:02]} f6 {[%emt 0:00:02]} 16. Rab1 {[%emt 0:00:02]} Qc7 {[%emt 0:00:04]} 17. Ng6 {[%emt 0:00:01]} Bd6 {[%emt 0:00:05]} 18. Qa6+ {[%emt 0:00:03] Trotsky Ñäàåòñÿ Trotsky Ñäàåòñÿ Trotsky Ñäàåòñÿ (Lag: Av=0.41s, max=0.5s) (Lag: Av=0.41s, max=0.5s) (Lag: Av=0.41s, max=0.5s)} 1-0